Antibody titer of newcastle disease in chicken at chieb commune, teuk phos district, kampong chhnang province. កម្រិតអង់ទីករនៃជំងឺញ៉ូវកាសលើមាន់នៅឃុំជៀប ស្រុកទឹកផុស ខេត្តកំពង់ឆ្នាំង (Record no. 25687)

000 -LEADER
fixed length control field 00599nam a22001217a 4500
040 ## - CATALOGING SOURCE
Transcribing agency RUA
082 ## - DEWEY DECIMAL CLASSIFICATION NUMBER
Classification number DVM CHO 2025 B707 Or.1
100 ## - MAIN ENTRY--AUTHOR NAME
Personal name CHOUN SANTI, ជូន សាន់ទិ
245 ## - TITLE STATEMENT
Title Antibody titer of newcastle disease in chicken at chieb commune, teuk phos district, kampong chhnang province. កម្រិតអង់ទីករនៃជំងឺញ៉ូវកាសលើមាន់នៅឃុំជៀប ស្រុកទឹកផុស ខេត្តកំពង់ឆ្នាំង
260 ## - PUBLICATION, DISTRIBUTION, ETC. (IMPRINT)
Place of publication PHNOM PENH
Name of publisher RUA
Year of publication 2025
300 ## - PHYSICAL DESCRIPTION
Number of Pages ix,31p.
Other physical details ill.
Dimensions 29cm.
942 ## - ADDED ENTRY ELEMENTS (KOHA)
Koha item type MGR
952 ## - LOCATION AND ITEM INFORMATION (KOHA)
Withdrawn status [LOCAL, KOHA] 0
952 ## - LOCATION AND ITEM INFORMATION (KOHA)
Withdrawn status [LOCAL, KOHA] 0
Holdings
Permanent Location Date acquired Koha item type Lost status Shelving location Barcode Current Location Full call number
Library Block B2026-04-08MGR B707B7121065Library Block BDVM CHO 2025 B707 Or.1
Library Block B2026-04-08MGR B707B7121081Library Block BDVM CHO 2025 B707 Or.2
មជ្ឈមណ្ឌលឯការនៃសាកលវិទ្យាល័យភូមិន្ទកសិកម្មចំការដូង

Powered by Koha